000
00209nam a2200097Ia 4500
008
230605s9999 xx 000 0 und d
041
_a
eng
100
_a
Disoza
245
_a
Shikshan vichar
650
_a
G.SKILL
999
_c
417459
_d
417459